| 000 | 00692nam a2200181Ia 4500 | ||
|---|---|---|---|
| 008 | 100921s9999 xx 000 0 und d | ||
| 082 |
_b3507 _a180 थ 36 |
||
| 100 | _aनाईक भास्कर सावळाराम. | ||
| 245 | _aअद्वैतवेदांत. | ||
| 260 |
_bशेठ छगनलाल मगनदास, पूर्व खानदेश. _c1936 |
||
| 300 |
_a111 _b--- |
||
| 365 | _b1 | ||
| 520 | _aतत्वज्ञान-प्राचीन इ. | ||
| 630 | _aअद्वैतवेदांत. | ||
| 650 | _aतत्वज्ञान-प्राचीन इ. | ||
| 730 | _aअद्वैतवेदांत. | ||
| 942 | _cBOOK | ||
| 999 |
_c752620 _d752617 |
||